|
|
|
|
| LEADER |
00904pam a22002538a 4500 |
| 001 |
00044885 |
| 005 |
20191016141038.0 |
| 008 |
130124s2011 ||||||viesd |
| 020 |
# |
# |
|c 168000
|a 9786048930301
|
| 041 |
0 |
# |
|a vie
|
| 082 |
1 |
4 |
|a 428
|b V551L
|
| 100 |
1 |
# |
|a Nguyễn, Văn Hiệp
|e Chủ biên
|
| 245 |
1 |
0 |
|a Vừa lười vừa bận vẫn giỏi tiếng Anh
|c Nguyễn Văn Hiệp (ch.b); Trịnh Hoài Thương, Bùi Thùy Linh
|
| 250 |
# |
# |
|a Tái bản lần thứ tư
|
| 260 |
# |
# |
|a Hà Nội
|b Hồng Đức
|c 2018
|
| 300 |
# |
# |
|a 371 tr.
|c 24 cm.
|b minh họa
|
| 653 |
# |
# |
|a Ngôn ngữ
|
| 653 |
# |
# |
|a Tiếng Anh
|
| 653 |
# |
# |
|a Tự học
|
| 700 |
1 |
# |
|a Bùi, Thùy Linh
|
| 700 |
1 |
# |
|a Trịnh, Hoài Thương
|
| 852 |
# |
# |
|j KD.0026325
|
| 910 |
# |
# |
|d 16/10/2019
|
| 980 |
# |
# |
|a Trung tâm Học liệu Lê Vũ Hùng, Trường Đại học Đồng Tháp
|